01655nam a22003497i 4500003000900000005001700009008004100026020001800067040004300085082001700128100003300145245043200178250002700610264007300637300004500710336002600755337002800781338002700809490001200836500002200848500002600870500002100896521005300917650006700970653001701037655002401054700003701078700004201115942001201157999001701169952011901186EG-ScBUE20250707090848.0131217s2012 ii a f d 001 0 eng d a9788122432213 aEG-ScBUEbengerdacEG-ScBUEdEG-ScBUE04222a541bDAS1 934676aDas, Ishwar,eauthor.13aAn introduction physical chemistry :ba textbook for B. Sc. third year and reference book for postgraduate students /cIshwar Das, professor Department of Chemistry, D.D.U. Gorakhpur University, Gorakhpur, (U.P.), Archana Sharma, senior scientist, TKDL Unit, CSIR head quarter, Anusandhan Bhavan, Rafi Marg, New Delhi, Namita Rani Agrawal, senior lecturer, Department of Chemistry, St. Andrew's P.G. College, Gorakhpur, (U.P.). aThird revised edition. 1aNew Delhi :bNew Age International (P.) Limited, Publishers, c2012. axv, 355 pages :billustrations ;c24 cm. 2rdacontentatextbtxt aunmediated2rdamediabn avolumebnc2rdacarrier0 aNew age aInclude glossary. aIncludes Appendices.  aIncludes index.  aFor B. Sc. third year and postgraduate students. 7934674aChemistry, Physical and theoretical.vTextbooks.2BUEsh cDecember2013 vReading book9342321 aSharma, Archana,934677eauthor.1 934675aAgrawal, Namita Rani,eauthor. 2ddccBB c17863d17835 00102ddc40708Donation-GaMAINbMAINc1STd2013-12-17ePurchasel0o541 DASp000035228r2025-07-15 00:00:00yBB